[Event "British Rapidplay"]
[Site "Bradford ENG"]
[Date "2002.11.01"]
[Round "9"]
[White "Haslinger,S"]
[Black "Davies,N"]
[Result "0-1"]
[WhiteElo "2385"]
[BlackElo "2483"]

1.e4 c5 2.Nf3 e6 3.d4 cxd4 4.Nxd4 a6 5.Nc3 b5 6.Bd3 Bb7 7.O-O Nc6 8.Nb3 Nf6
9.Qe2 d6 10.Bd2 Be7 11.a4 b4 12.Na2 a5 13.c3 bxc3 14.Nxc3 O-O 15.Nb5 e5 16.Rfc1 d5
17.exd5 Qxd5 18.Bc4 Nd4 19.Qf1 Nf3+ 20.Kh1 Qe4 21.Be2 Nxd2 22.Nxd2 Qf4 23.Rc7 Qxd2
24.Rxb7 Bb4 25.b3 e4 26.Rd1 Qf4 27.g3 Qe5 28.Bc4 Qh5 29.Be2 Qg5 30.Rc1 Rad8
31.Rd1 Rb8 32.Rxb8 Rxb8 33.Qh3 Qc5 34.Kg2 e3 35.Qh4 exf2 36.Qf4 Re8 37.Qxf2 Qxf2+
38.Kxf2 Ne4+ 39.Kg2 g6 40.Bc4 Nd2 41.Nd4 Nxc4 42.bxc4 Rd8 43.Kf3 Bc5 44.Ke4 f5+
45.Ke5 Kf7 46.Rd2 Bf8 47.Rb2 Bg7+ 48.Kf4 Rxd4+ 49.Kf3 Rxc4 50.Rb7+ Kf6 51.Rb6+ Kf7
52.Rb7+ Kg8 53.Rb8+ Bf8 54.Ke3 Rxa4 55.Ra8 Ra1 56.h4 a4 57.Kd2 a3 58.Kc2 Rg1
59.Kc3 Rxg3+ 60.Kc4 Rg2 61.Kd5 Kf7 62.Ra7+ Be7 63.Kd4 a2 64.Kd5 Rd2+ 65.Kc4 f4
66.Kc3 Re2 67.Kd3 f3 68.Ra4 Bf6 69.Ra7+ Ke6 70.Ra5 Kf7 71.Ra6  0-1

[Event "Open"]
[Site "Le Touquet FRA"]
[Date "2002.11.01"]
[Round "8"]
[White "Wallart,A"]
[Black "Houdart,D"]
[Result "1/2-1/2"]
[WhiteElo "2261"]
[BlackElo "2086"]

1.e4 c5 2.Nf3 e6 3.d4 cxd4 4.Nxd4 a6 5.Nc3 b5 6.Bd3 Qb6 7.Be3 Bc5 8.Be2 Nc6
9.Nxc6 Bxe3 10.fxe3 dxc6 11.Qd4 Qxd4 12.exd4 e5 13.d5 Bb7 14.O-O-O Nf6 15.b4 Rc8
16.Kb2 O-O 17.Rhf1 cxd5 18.Nxd5 Bxd5 19.exd5 Rfd8 20.d6 Ne4 21.d7 Rc7 22.Rd5 f6
23.Bg4 Rc6 24.Rf3 g6 25.Re3 Nd6 26.Be6+ Kf8 27.Rc5 Rxc5 28.bxc5 Ke7 29.Rd3 Nc4+
30.Bxc4 bxc4 31.Ra3 Rxd7 32.Kc3 Ke6 33.Rxa6+ Kd5 34.Kb4 Rb7+ 35.Rb6 Rxb6+
36.cxb6 Kc6 37.Kxc4 f5 38.b7 Kxb7 39.Kd5 e4 40.Kd4 Kc6 41.c4 Kc7 42.g4 f4
43.Kxe4 g5 44.h4 h6  1/2-1/2

[Event "Olympiad"]
[Site "Bled SLO"]
[Date "2002.11.02"]
[Round "8"]
[White "Gengler,P"]
[Black "Odeev,H"]
[Result "1/2-1/2"]
[WhiteElo "2154"]
[BlackElo "2461"]

1.e4 c5 2.Nf3 e6 3.d4 cxd4 4.Nxd4 a6 5.Nc3 b5 6.Bd3 Bb7 7.O-O Nc6 8.Nxc6 Bxc6
9.Kh1 b4 10.Nb1 Qc7 11.Qe2 Qb7 12.a3 a5 13.axb4 axb4 14.Rxa8+ Qxa8 15.Nd2 Nf6
16.f3 Be7 17.Nb3 O-O 18.Be3 Qb8 19.Ra1 d5 20.Ba7 Qc7 21.e5 Nd7 22.Bd4 Ra8
23.Rxa8+ Bxa8 24.f4 g6 25.Qe3 Bc6 26.Nc5 Qa5 27.Nxd7 Bxd7 28.b3  1/2-1/2

[Event "Olympiad w"]
[Site "Bled SLO"]
[Date "2002.11.02"]
[Round "8"]
[White "Ingolfsdottir,H"]
[Black "Mongontuul,B"]
[Result "0-1"]
[WhiteElo "2002"]
[BlackElo "2375"]

1.e4 c5 2.Nf3 e6 3.d4 cxd4 4.Nxd4 a6 5.Nc3 Nc6 6.Be2 Qc7 7.O-O Nf6 8.Kh1 Nxd4
9.Qxd4 Bc5 10.Qd3 b5 11.Bg5 Bb7 12.f4 Bb4 13.e5 Bxc3 14.Qxc3 Qxc3 15.bxc3 Nd5
16.Bf3 O-O 17.a4 Rfc8 18.axb5 axb5 19.Rxa8 Bxa8 20.Ra1 Bc6 21.Ra3 h6 22.Bxd5 Bxd5
23.Be7 Rc4 24.Kg1 Rxf4 25.Bc5 Re4 26.Kf2 Rxe5 27.g4 Be4 28.Bd4 Rg5 29.h3 Bxc2
30.Ra8+ Kh7 31.Kf3 Rd5 32.Ra2 Bg6 33.Kf4 b4 34.h4 b3 35.Rb2 Bc2  0-1

[Event "Olympiad"]
[Site "Bled SLO"]
[Date "2002.11.02"]
[Round "8"]
[White "Mamadshoev,M"]
[Black "Vidarsson,J"]
[Result "0-1"]
[WhiteElo "2263"]
[BlackElo "2392"]

1.e4 c5 2.Nf3 e6 3.d4 cxd4 4.Nxd4 a6 5.Nc3 b5 6.Bd3 Qb6 7.Nb3 Qc7 8.O-O Nf6
9.a3 Bb7 10.f4 d6 11.Qf3 Nbd7 12.Bd2 g6 13.Kh1 Bg7 14.a4 b4 15.Nd1 a5 16.c3 d5
17.e5 Ne4 18.cxb4 Nxd2 19.Nxd2 axb4 20.Nf2 O-O 21.Rfc1 Qb6 22.Nb3 Rfc8 23.a5 Qa7
24.Rxc8+ Rxc8 25.Bb5 Rc2 26.Kg1 Nb8 27.Kf1 Rxb2 28.Rc1 Bf8 29.Be2 d4 30.Qh3 d3
31.Qxd3 Ba6 32.Rc4 Bxc4 33.Qxc4 Qe3 34.Nc1 Bc5  0-1

[Event "Olympiad"]
[Site "Bled SLO"]
[Date "2002.11.02"]
[Round "8"]
[White "Nedev,T"]
[Black "Banikas,H"]
[Result "1-0"]
[WhiteElo "2481"]
[BlackElo "2520"]

1.e4 c5 2.Nf3 e6 3.Nc3 a6 4.d4 cxd4 5.Nxd4 Qc7 6.Bd3 Nc6 7.Be3 Nf6 8.O-O h5
9.h3 b5 10.Nxc6 Qxc6 11.a3 Bb7 12.Qe2 Rc8 13.f4 h4 14.Rf3 Bc5 15.Qf2 Qb6
16.Re1 d6 17.Bxc5 Qxc5 18.Rfe3 Nd7 19.Nb1 Qh5 20.Nd2 Qh6 21.c4 e5 22.fxe5 bxc4
23.Nxc4 Nxe5 24.Na5 Nxd3 25.Rxd3 Ba8 26.e5 d5 27.Nb3 Qg6 28.Rd2 Rh5 29.Nd4 Kf8
30.e6 f6 31.e7+ Kg8 32.Ne6 Qe8 33.Qa7 Bc6 34.Rc2 Bd7 35.Qxd7 Qxd7 36.Rxc8+ Qxc8
37.Nc7  1-0

[Event "FSGM Nov"]
[Site "Budapest HUN"]
[Date "2002.11.02"]
[Round "1"]
[White "Todorovic,GM"]
[Black "Horvath,Cs"]
[Result "1-0"]
[WhiteElo "2467"]
[BlackElo "2506"]

1.e4 c5 2.Nf3 e6 3.d4 cxd4 4.Nxd4 a6 5.Nc3 Qc7 6.Bd3 Nf6 7.f4 Bb4 8.Bd2 Bxc3
9.bxc3 d6 10.O-O Nbd7 11.Qf3 b6 12.Rae1 Bb7 13.Qg3 g6 14.Qh4 O-O-O 15.Kh1 h6
16.e5 Nd5 17.Qh3 Nc5 18.c4 Ne7 19.Nb3 dxe5 20.Nxc5 Qxc5 21.Rxe5 Qd4 22.a4 g5
23.Ree1 Nf5 24.Bxf5 Qxd2 25.Be4 Bxe4 26.Rxe4 Qxc2 27.Ree1 Qd3 28.Qh5 Qd7
29.a5 bxa5 30.Rb1 Kc7 31.fxg5 hxg5 32.Qxg5 f5 33.Qg3+ Qd6 34.Qg7+ Qd7 35.Qc3 Qd6
36.h3 Kc8 37.Qf3 Qc7 38.Rfe1 Rhe8  1-0

[Event "Olympiad"]
[Site "Bled SLO"]
[Date "2002.11.04"]
[Round "9"]
[White "Bratovic,B"]
[Black "Nguyen Anh Dung"]
[Result "1/2-1/2"]
[WhiteElo "2293"]
[BlackElo "2540"]

1.e4 c5 2.Nf3 e6 3.d4 cxd4 4.Nxd4 a6 5.Nc3 Qc7 6.Be2 Nf6 7.O-O Bb4 8.Qd3 Nc6
9.Bg5 Be7 10.Nxc6 bxc6 11.f4 d6 12.Rad1 O-O 13.Kh1 Rb8 14.b3 Rd8 15.Qg3 Ne8
16.f5 Bxg5 17.Qxg5 h6 18.Qh4 Qa5 19.g4 Nf6 20.Rd3 Qe5 21.g5 hxg5 22.Qxg5 Kf8
23.Rg3 Ke7 24.fxe6 Bxe6 25.Bxa6 Qxg5 26.Rxg5 g6 27.e5 Ng4 28.exd6+ Rxd6 29.Re1 Rd4
30.Bc4 Kf6 31.Rc5 Rh8 32.Re2 Bd7 33.a4 Kg7 34.a5 Rh3 35.Bd3 Rf4 36.Kg1 Ne3
37.Rf2 Rg4+ 38.Kh1 Rgh4 39.a6 Ng4 40.Re2 Nxh2 41.a7 Ng4+ 42.Kg2 Rh2+ 43.Kf3 R2h3+
44.Ke4 Nf2+ 45.Ke5 Nxd3+ 46.cxd3 Rxd3 47.Ne4 Rh5+ 48.Kf4 Rh4+ 49.Ke5 Rh5+
50.Kf4 Rh4+ 51.Ke5 Rh5+  1/2-1/2

[Event "Olympiad"]
[Site "Bled SLO"]
[Date "2002.11.04"]
[Round "9"]
[White "Zambrana,O"]
[Black "Kotronias,V"]
[Result "0-1"]
[WhiteElo "2389"]
[BlackElo "2561"]

1.e4 c5 2.Nf3 e6 3.Nc3 a6 4.d4 cxd4 5.Nxd4 b5 6.a3 Bb7 7.g3 Nc6 8.Bg2 Nxd4
9.Qxd4 Ne7 10.Bf4 Nc6 11.Qd3 d6 12.O-O Ne5 13.Qe2 Qc7 14.Rad1 Be7 15.Bc1 O-O
16.Nb1 a5 17.f4 Nd7 18.Rf2 b4 19.b3 Rfe8 20.Bb2 e5 21.Kh1 exf4 22.gxf4 Bf6
23.Bd4 Bxd4 24.Rxd4 bxa3 25.Nxa3 Qc5 26.Nb5 Ba6 27.c4 Bxb5 28.Qd2 Bc6  0-1

[Event "Olympiad"]
[Site "Bled SLO"]
[Date "2002.11.04"]
[Round "9"]
[White "Mitkov,N"]
[Black "Esplana,C"]
[Result "1-0"]
[WhiteElo "2529"]
[BlackElo "2352"]

1.e4 c5 2.Nf3 e6 3.Nc3 a6 4.d4 cxd4 5.Nxd4 Qc7 6.Bd3 Nc6 7.Be3 Nf6 8.O-O Ne5
9.h3 Bc5 10.f4 Nc6 11.Nf5 Bxe3+ 12.Nxe3 d6 13.Kh1 O-O 14.Qe1 Qe7 15.Qg3 b5
16.e5 Ne8 17.a4 bxa4 18.Rxa4 Bb7 19.Ne4 f5 20.exf6 Nxf6 21.Ng5 h6 22.Ne4 Kh8
23.Qg6 Qe8 24.Nxd6 Qxg6 25.Bxg6 Nd8 26.b4 Bc6 27.Ra3 Nb7 28.Rd1 Nd5 29.Nf7+ Rxf7
30.Bxf7 Nxf4 31.Rc3 Rc8 32.Kh2 g5 33.Be8 Rxe8 34.Rxc6 a5 35.Rd7  1-0

[Event "Olympiad"]
[Site "Bled SLO"]
[Date "2002.11.04"]
[Round "9"]
[White "Odeev,H"]
[Black "Garmendez,F"]
[Result "1/2-1/2"]
[WhiteElo "2461"]
[BlackElo "2408"]

1.e4 c5 2.Nf3 e6 3.d4 cxd4 4.Nxd4 a6 5.Nc3 Qc7 6.Bd3 b5 7.O-O Bb7 8.Re1 d6
9.a4 b4 10.Na2 d5 11.exd5 Bxd5 12.c3 Nf6 13.Nxb4 Bxb4 14.cxb4 O-O 15.Bg5 Nbd7
16.b5 axb5 17.Bxb5 Qb7 18.f3 h6 19.Be3 Rfd8 20.Qe2 e5 21.Nf5 Nf8 22.Rac1 Ng6
23.Rc3 Be6 24.Bc6 Qb8 25.Bxa8 Qxa8 26.Ng3 Qxa4 27.Qc2 Qa8 28.Ne4 Nd5 29.Ra3 Qb8
30.Nc5 Rc8 31.Bf2 Qb5 32.Raa1 Ndf4 33.Rac1 Bd5 34.Qd2 Ba8 35.Be3 Nxg2 36.Qxg2 Nh4
37.Ne6 Nxg2 38.Rxc8+ Kh7 39.Nf8+ Kg8 40.Ne6+ Kh7 41.Nf8+  1/2-1/2

[Event "FSGM Nov"]
[Site "Budapest HUN"]
[Date "2002.11.04"]
[Round "3"]
[White "Todorovic,GM"]
[Black "Szeberenyi,A"]
[Result "1-0"]
[WhiteElo "2467"]
[BlackElo "2367"]

1.e4 c5 2.Nf3 e6 3.d4 cxd4 4.Nxd4 a6 5.Nc3 Qc7 6.Bd3 Nf6 7.O-O Bc5 8.Nb3 Be7
9.f4 d6 10.Qf3 Nbd7 11.a4 b6 12.Be3 Bb7 13.Qg3 O-O 14.f5 Ne5 15.Nd4 Bc8 16.Kh1 Bd7
17.Nf3 Nxd3 18.cxd3 exf5 19.Nd4 fxe4 20.Nf5 Bxf5 21.Rxf5 Rfe8 22.Bd4 Qd8
23.Nd5 Kf8 24.Raf1 Rc8 25.h3 exd3 26.Nxf6 Bxf6 27.Rxf6 gxf6 28.Bxf6 Qxf6
29.Rxf6 d2 30.Qxd6+ Kg7 31.Rf1 Re1 32.Qg3+ Kh8 33.Rxe1 Rc1 34.Qe5+  1-0

[Event "Olympiad"]
[Site "Bled SLO"]
[Date "2002.11.05"]
[Round "10"]
[White "Asrian,K"]
[Black "Agrest,E"]
[Result "1/2-1/2"]
[WhiteElo "2597"]
[BlackElo "2607"]

1.e4 c5 2.Nf3 e6 3.d4 cxd4 4.Nxd4 a6 5.Nc3 Qc7 6.Be2 b5 7.O-O b4 8.Na4 Bb7
9.c3 Nf6 10.cxb4 Bxb4 11.Be3 Bxe4 12.Rc1 Nc6 13.Bf3 Bxf3 14.Qxf3 O-O 15.a3 Be7
16.Nb6 Rad8 17.Nxd7 Qxd7 18.Nxc6 Rc8 19.Nxe7+ Qxe7 20.Bg5 h6 21.Bh4 e5 22.Rc6 e4
23.Qc3 Qd7 24.Rxc8 Rxc8 25.Qe5 Qe6 26.Qxe6 fxe6 27.Re1 Rc2 28.h3 Rxb2 29.Bxf6 gxf6
30.Rxe4 Kf7 31.Ra4 Rb6 32.Kh2 Kg6 33.Kg3 h5 34.Kf4 e5+ 35.Ke4 Rb2 36.Ke3 Rb3+
37.Ke4 Rb2 38.Ke3  1/2-1/2

[Event "Olympiad"]
[Site "Bled SLO"]
[Date "2002.11.05"]
[Round "10"]
[White "Stefansson,H"]
[Black "Aldama,D"]
[Result "1-0"]
[WhiteElo "2566"]
[BlackElo "2443"]

1.e4 c5 2.Nf3 e6 3.d4 cxd4 4.Nxd4 a6 5.Nc3 Qc7 6.Bd3 Nf6 7.f4 d6 8.Qf3 b5
9.Be3 Bb7 10.g4 Nc6 11.O-O-O Be7 12.Kb1 Nd7 13.g5 Nc5 14.h4 O-O-O 15.Rhe1 h6
16.Qg4 g6 17.Nd5 hxg5 18.Nxc7 Rxh4 19.Qg2 Kxc7 20.Nxc6 Bxc6 21.Bxc5 dxc5
22.fxg5 Bd6 23.Rh1 Rf4 24.Rdf1 c4 25.Rxf4 Bxf4 26.Be2 e5 27.Rh7 Rd4 28.Rxf7+ Kd6
29.Bf3 Bxe4 30.a4 Bf5 31.Rxf5 gxf5 32.g6  1-0

[Event "Olympiad"]
[Site "Bled SLO"]
[Date "2002.11.06"]
[Round "11"]
[White "Barakat,R"]
[Black "Kesmaecker,P"]
[Result "1-0"]
[WhiteElo "2054"]
[BlackElo "2274"]

1.e4 c5 2.Nf3 e6 3.d4 cxd4 4.Nxd4 a6 5.Nc3 Qc7 6.f4 Bb4 7.Bd2 Ne7 8.Bd3 O-O
9.Qe2 d6 10.O-O-O Nbc6 11.Nf3 Bd7 12.Kb1 b5 13.e5 d5 14.Bxh7+ Kh8 15.Bd3 Bc5
16.Qe1 g6 17.Qh4+ Kg7 18.Qf6+ Kg8 19.Qh4 Kg7 20.Qf6+ Kg8 21.h4 Nf5 22.Qg5 Qd8
23.Qg4 Nce7 24.h5 Kg7 25.Rh3 b4 26.Ne2 Bb5 27.Rdh1 Nh6 28.hxg6 Rh8 29.Rxh6  1-0

[Event "Olympiad w"]
[Site "Bled SLO"]
[Date "2002.11.06"]
[Round "11"]
[White "Guerrero,Ale"]
[Black "Kagramanov,D"]
[Result "0-1"]
[WhiteElo "2020"]
[BlackElo "2088"]

1.e4 c5 2.Nf3 e6 3.d4 cxd4 4.Nxd4 a6 5.Nc3 b5 6.Be2 d6 7.O-O Bb7 8.f4 b4
9.Na4 Bxe4 10.Bf3 Nf6 11.Be3 d5 12.Nb3 Nbd7 13.Bxe4 Nxe4 14.f5 Ndf6 15.fxe6 fxe6
16.Nd4 e5 17.Ne6 Qd6 18.Nxf8 Rxf8 19.c3 bxc3 20.bxc3 Kf7 21.Nb6 Rad8 22.Qb3 Kg8
23.Rad1 Qc6 24.Na4 Rb8 25.Qa3 Nd6 26.Nb2 Nb5 27.Qc5 Qxc5 28.Bxc5 Rfc8 29.Bb4 Nxc3
30.Bxc3 Rxc3 31.Nd3 e4 32.Nf4 Rc5 33.Rfe1 Rb2 34.Re2 Rxe2 35.Nxe2 Rc4 36.Kf2 Ng4+
37.Kg3 Ne3 38.Rb1 d4 39.Kf4 d3 40.Kxe3 dxe2 41.Re1 Ra4 42.Rxe2 g5 43.Rd2 Kf7
44.Rd7+ Kg6 45.Rd6+ Kf5 46.Rd5+ Kf6 47.Rd6+ Ke5 48.Rd2 Ra3+ 49.Ke2 h5 50.Rb2 h4
51.Rc2 Kf4 52.Kf2 h3 53.g3+ Ke5 54.Ke2 Kd4 55.Rd2+ Rd3 56.Rc2 e3 57.Rb2 Rd2+
58.Rxd2+ exd2 59.Kxd2 Ke4 60.Ke2 a5 61.Kf2 a4 62.Ke2 a3  0-1

[Event "FSGM Nov"]
[Site "Budapest HUN"]
[Date "2002.11.06"]
[Round "5"]
[White "Todorovic,GM"]
[Black "Szieberth,A"]
[Result "0-1"]
[WhiteElo "2467"]
[BlackElo "2371"]

1.e4 c5 2.Nf3 e6 3.d4 cxd4 4.Nxd4 a6 5.Nc3 b5 6.Bd3 Bc5 7.Nb3 Be7 8.f4 d6
9.Qf3 Bb7 10.Be3 Nf6 11.O-O-O Qc7 12.Kb1 Nbd7 13.g4 b4 14.Ne2 d5 15.Nd2 Rc8
16.Ng3 dxe4 17.Ngxe4 Nxe4 18.Bxe4 Bxe4 19.Nxe4 Qxc2+ 20.Ka1 Qa4 21.Nd6+ Bxd6
22.Rxd6 b3 23.a3 O-O 24.Rd4 Rc4 25.Rxc4 Qxc4 26.Rc1 Qb5 27.Bd4 a5 28.g5 a4
29.Qc3 Nb6 30.Qb4 Qxb4 31.axb4 Nd5 32.b5 f6 33.Ba7 Rd8 34.gxf6 gxf6 35.Kb1 Rd7
36.b6 Rb7 37.Rc6 Kf7 38.f5 exf5 39.Rd6 Ne7 40.Rd4 Nc8 41.Rxa4 Nxb6 42.Ra6 Re7
43.Kc1 Nc4 44.Bf2 Re2  0-1

[Event "Olympiad"]
[Site "Bled SLO"]
[Date "2002.11.07"]
[Round "12"]
[White "Iordachescu,V"]
[Black "Ahmed,Es"]
[Result "1-0"]
[WhiteElo "2567"]
[BlackElo "2394"]

1.e4 c5 2.Nf3 e6 3.d4 cxd4 4.Nxd4 a6 5.Nc3 Qc7 6.Bd3 Nf6 7.f4 d6 8.Qf3 b5
9.g4 Bb7 10.g5 Nfd7 11.h4 Nc6 12.Be3 Nc5 13.Nxc6 Qxc6 14.a3 O-O-O 15.O-O-O Qc7
16.Kb1 d5 17.exd5 Rxd5 18.Nxd5 Bxd5 19.Qh3 Bxh1 20.Qxh1 Qb7 21.Qxb7+ Kxb7
22.Be2 Kc7 23.c4 bxc4 24.Rc1 Kb7 25.Rxc4 Nd7 26.Bf3+ Kb8 27.Bc6 Kc7 28.Ba4+  1-0

[Event "Last Autumn GM"]
[Site "Tel Aviv ISR"]
[Date "2002.11.07"]
[Round "6"]
[White "Tyomkin,D"]
[Black "Kaganskiy,G"]
[Result "1/2-1/2"]
[WhiteElo "2492"]
[BlackElo "2315"]

1.e4 c5 2.Nf3 e6 3.d4 cxd4 4.Nxd4 a6 5.Nc3 Qc7 6.Bd3 Nc6 7.Nb3 Nf6 8.f4 d6
9.Be3 b5 10.Qf3 Bb7 11.O-O Be7 12.Rae1 O-O 13.Kh1 e5 14.Qh3 Nb4 15.a3  1/2-1/2

[Event "Olympiad"]
[Site "Bled SLO"]
[Date "2002.11.08"]
[Round "13"]
[White "Kulashko,A"]
[Black "Mateo,Ra"]
[Result "0-1"]
[WhiteElo "2400"]
[BlackElo "2420"]

1.e4 c5 2.Nf3 e6 3.d4 cxd4 4.Nxd4 a6 5.Nc3 b5 6.Bd3 Bb7 7.O-O Qb6 8.Nb3 d6
9.Qe2 Nf6 10.Be3 Qc7 11.Bg5 Nbd7 12.Rfe1 Be7 13.a4 b4 14.Na2 h6 15.Bf4 a5
16.c3 bxc3 17.Nxc3 O-O 18.Nb5 Qb6 19.Rac1 Rfc8 20.Be3 Qd8 21.Rxc8 Bxc8 22.Rc1 Ne5
23.Bb1 Bb7 24.f3 d5 25.Bd4 Nc6 26.e5 Nxd4 27.N3xd4 Nd7 28.Rc7 Rb8 29.Qc2 Nf8
30.f4 Rc8 31.f5 Bg5 32.fxe6 Rxc7 33.Nxc7 Be3+ 34.Kh1 Bxd4 35.exf7+ Kxf7 36.Qf5+ Kg8
37.Ne6 Qc8  0-1

[Event "Olympiad"]
[Site "Bled SLO"]
[Date "2002.11.08"]
[Round "13"]
[White "Bjerring,K"]
[Black "Kaabi,M"]
[Result "1/2-1/2"]
[WhiteElo "2265"]
[BlackElo "2383"]

1.e4 c5 2.Nf3 e6 3.d4 cxd4 4.Nxd4 a6 5.Nc3 Qc7 6.g3 Nf6 7.Bg2 d6 8.O-O Be7
9.Re1 O-O 10.a4 Nc6 11.h3 Bd7 12.Nde2 Rab8 13.g4 Rfc8 14.g5 Ne8 15.Ng3 b5
16.axb5 axb5 17.Nce2 Ne5 18.Nd4 b4 19.h4 Nc6 20.Nb3 Ne5 21.Nd4 Nc6 22.Nb3 Na7
23.Be3 Nb5 24.Re2 Ra8 25.Nd4 Nxd4 26.Bxd4 Rxa1 27.Qxa1 Bb5 28.Rd2 e5 29.Be3 g6
30.Qa7 Qxa7 31.Bxa7 Ra8 32.Be3 Ra1+ 33.Kh2 Nc7 34.f4 Ra2 35.b3 exf4 36.Bxf4 Ne6
37.Be3 h6 38.c4 Rxd2 39.Bxd2 Ba6 40.Bxb4 hxg5 41.hxg5 Nc5 42.e5 dxe5 43.Ne4 Nxe4
44.Bxe7 Nd2 45.Bd5 Nxb3 46.c5 Nd4 47.c6 Bb5 48.c7 Ba6 49.Bf6 Ne6 50.Bxe6  1/2-1/2

[Event "Olympiad w"]
[Site "Bled SLO"]
[Date "2002.11.08"]
[Round "13"]
[White "Dimovski,A"]
[Black "Paehtz,E"]
[Result "1-0"]
[WhiteElo "2100"]
[BlackElo "2349"]

1.e4 c5 2.Nf3 e6 3.d4 cxd4 4.Nxd4 a6 5.Nc3 Qc7 6.Bd3 b5 7.O-O Bb7 8.Nb3 Nf6
9.Qe2 Nc6 10.f4 d6 11.Be3 Be7 12.Rae1 O-O 13.g4 b4 14.Nd1 d5 15.e5 Ne4 16.Bxe4 dxe4
17.Nf2 a5 18.g5 Rfd8 19.Qh5 a4 20.Nd2 Nd4 21.Ng4 Nf5 22.Rf2 Bd5 23.Nf1 Bxa2
24.Ng3 g6 25.Qh3 Bd5 26.Nf6+ Bxf6 27.gxf6 Kh8 28.Nxf5 gxf5 29.Rg2 Rg8 30.Re2 Qc4
31.Rf2 Rg4 32.Rxg4 fxg4 33.Qh5 a3 34.bxa3 bxa3 35.Qxf7 Rg8 36.Qa7 a2 37.f7 Rf8
38.f5 exf5 39.e6 Kg7 40.Qd4+ Kg6 41.e7 Ra8 42.f8=Q a1=Q+ 43.Qxa1 Rxa1+ 44.Kg2 Bf7
45.Qh6+  1-0

[Event "Olympiad"]
[Site "Bled SLO"]
[Date "2002.11.08"]
[Round "13"]
[White "Klerides,P"]
[Black "Gallego,R"]
[Result "0-1"]
[WhiteElo "2183"]
[BlackElo "2269"]

1.e4 c5 2.Nf3 e6 3.d4 cxd4 4.Nxd4 a6 5.Nc3 Qc7 6.Bd3 Nf6 7.O-O Nc6 8.Be3 Be7
9.Kh1 O-O 10.f4 d6 11.Qf3 Re8 12.a3 Bd8 13.Rae1 Nxd4 14.Bxd4 e5 15.fxe5 dxe5
16.Nd5 Qd6 17.Be3 Be6 18.c4 Bxd5 19.exd5 Rc8 20.Bxh7+ Kxh7 21.Qh3+ Kg8 22.Qxc8 Ba5
23.Qxb7 Bxe1 24.Rxe1 e4 25.Qb6 Qd7 26.Qxa6 Ng4 27.Qc6 Qe7 28.Bd4 e3 29.d6 Qh4  0-1

[Event "Olympiad"]
[Site "Bled SLO"]
[Date "2002.11.10"]
[Round "14"]
[White "Chumfwa,S"]
[Black "Aldama,D"]
[Result "0-1"]
[WhiteElo "2252"]
[BlackElo "2443"]

1.e4 c5 2.Nf3 e6 3.d4 cxd4 4.Nxd4 a6 5.Nc3 Qc7 6.Bd3 Nf6 7.O-O d6 8.Be3 Nbd7
9.f4 b5 10.a3 Bb7 11.Qf3 Be7 12.Rae1 h5 13.Kh1 h4 14.h3 O-O-O 15.Ndxb5 axb5
16.Nxb5 Qa5 17.b4 Qa8 18.Bd4 Rdg8 19.c4 g5 20.fxg5 Rxg5 21.Bxf6 Nxf6 22.Nxd6+ Bxd6
23.Qxf6 Rhg8 24.Qxf7 Bc7 25.Qxe6+ Kb8 26.Rf7 Bc8 27.Qe7 Qa7 28.Re2 Rg3 29.Rd2  0-1

[Event "Olympiad w"]
[Site "Bled SLO"]
[Date "2002.11.10"]
[Round "14"]
[White "Lomibao,J"]
[Black "Keskin,S"]
[Result "0-1"]
[WhiteElo "2081"]
[BlackElo "2007"]

1.e4 c5 2.Nf3 e6 3.d4 cxd4 4.Nxd4 a6 5.Nc3 Qc7 6.Be3 Bb4 7.Qd2 Nf6 8.f3 d5
9.Bg5 e5 10.Bxf6 gxf6 11.Nde2 d4 12.Nxd4 exd4 13.Qxd4 Bxc3+ 14.bxc3 Qe5 15.Qe3 f5
16.Bd3 fxe4 17.O-O-O O-O 18.Bxe4 Qg7 19.Rd6 Nd7 20.Rh6 f5 21.Bd5+ Kh8 22.Rd6 Nf6
23.Bb3 Bd7 24.Rg1 Rae8 25.Qb6 Bc6 26.g4 Nd7 27.Qa7 Qxc3 28.gxf5 Qe3+ 29.Qxe3 Rxe3
30.f6 Ne5 31.Re6 Nxf3 32.Rxe3 Nxg1 33.f7 Nf3 34.c3 h5 35.Kd1 Ng5 36.Re5 Nxf7
37.Rxh5+ Kg7 38.Rh3 Ng5 39.Rg3 Kh6 40.Kc1 Rf1+ 41.Kb2 Rf2+ 42.Ka3 Rxh2 43.Rd3 Ne4
44.c4 Kg5 45.Rf3 Nd2 46.Rf8 Rh4 47.Rg8+ Kf6 48.Kb4 Nxc4  0-1

[Event "FSGM Nov"]
[Site "Budapest HUN"]
[Date "2002.11.10"]
[Round "9"]
[White "Fogarasi,T"]
[Black "Szieberth,A"]
[Result "1-0"]
[WhiteElo "2466"]
[BlackElo "2371"]

1.e4 c5 2.Nf3 e6 3.d4 cxd4 4.Nxd4 a6 5.Nc3 b5 6.Bd3 Bc5 7.Nb3 Be7 8.O-O Nc6
9.f4 d6 10.Qf3 Bd7 11.a4 b4 12.Ne2 Nf6 13.a5 O-O 14.Be3 e5 15.f5 d5 16.Bb6 Qc8
17.Ng3 Re8 18.Rad1 Bd8 19.Nh5 Nxh5 20.Qxh5 Bxb6+ 21.axb6 Ne7 22.exd5 Qb8
23.d6 Qxd6 24.Bc4 Qxb6+ 25.Kh1 Bb5 26.Bxf7+ Kh8 27.Bxe8 Bxe8 28.Qg5 Ng8 29.Rfe1 Qc7
30.Qd2 a5 31.Nc1 Rc8 32.Nd3 Qxc2 33.Qxc2 Rxc2 34.Nxe5 Nf6 35.Rd8 Kg8 36.h3 a4
37.Ng4 Kf7 38.Nxf6 Kxf6 39.Rdxe8 Rxb2 40.Rf8+ Kg5 41.f6 gxf6 42.Rf1 Kg6 43.R1xf6+ Kg5
44.h4+ Kh5 45.Rg8 a3 46.Rf7 Kh6 47.Rg5  1-0

[Event "14th Open"]
[Site "Leuven BEL"]
[Date "2002.11.10"]
[Round "5"]
[White "Senff,M"]
[Black "Vanderwaeren,S"]
[Result "1-0"]
[WhiteElo "2456"]
[BlackElo "2267"]

1.e4 c5 2.Nf3 a6 3.Nc3 e6 4.d4 cxd4 5.Nxd4 Nc6 6.Be3 Nge7 7.Nb3 b5 8.a4 b4
9.a5 Rb8 10.Na4 Nxa5 11.Nxa5 Qxa5 12.Nb6 Qxb6 13.Bxb6 Rxb6 14.Qd4 Rb8 15.Bxa6 Nc6
16.Qc4 Be7 17.O-O O-O 18.f4 Bxa6 19.Rxa6 Rbc8 20.Qd3 Rfd8 21.Rd1 Nd4 22.Rd2 d5
23.Kf1 b3 24.c3 Nc2 25.exd5 exd5 26.Re2 Bc5 27.g3 g6 28.Kg2 d4 29.cxd4 Rb8
30.Rxc2 bxc2 31.Qxc2 Bxd4 32.b3 Kg7 33.Rc6 Rd7 34.Qc4 Bf6 35.Rxf6 Kxf6 36.Qc3+ Ke7
37.Qe5+  1-0

[Event "Last Autumn GM"]
[Site "Tel Aviv ISR"]
[Date "2002.11.11"]
[Round "8"]
[White "Kundin,A"]
[Black "Kudischewitsch,D"]
[Result "1/2-1/2"]
[WhiteElo "2429"]
[BlackElo "2384"]

1.e4 c5 2.Nf3 e6 3.Nc3 a6 4.d4 cxd4 5.Nxd4 b5 6.Bd3 d6 7.O-O Be7 8.a4 Bf6
9.Be3 bxa4 10.Nxa4 Ne7 11.c4 O-O 12.b4 Nbc6 13.Nxc6 Nxc6 14.Rb1 Rb8 15.Qd2 Bd4  1/2-1/2

[Event "WYg18"]
[Site "Heraklio GRE"]
[Date "2002.11.15"]
[Round "1"]
[White "De los Santos Honrubia,M"]
[Black "Paehtz,E"]
[Result "0-1"]
[WhiteElo "2091"]
[BlackElo "2349"]

1.e4 c5 2.Nf3 e6 3.d4 cxd4 4.Nxd4 a6 5.Nc3 Qc7 6.Be2 b5 7.a3 Bb7 8.O-O Nf6
9.Qd3 d6 10.Nb3 Nbd7 11.f4 Be7 12.Bf3 Rc8 13.Be3 O-O 14.Rae1 Rfd8 15.g4 d5
16.exd5 Nb6 17.Bxb6 Qxb6+ 18.Qe3 Qxe3+ 19.Rxe3 Bxd5 20.Nxd5 Nxd5 21.Bxd5 Rxd5
22.c3 Rc4 23.Kg2 g5 24.Ref3 Bd6 25.fxg5 Rxg4+ 26.Kh1 Rh4 27.R3f2 Rxg5 28.Rd1 Bc7
29.Rd7 Rhg4 30.Rd1 Bb6 31.Rff1 Rg2 32.Nd2 Rg6 33.b3 Bc7 34.Nf3 Rc2 35.Rc1 Rgg2
36.c4 bxc4 37.bxc4 Ra2 38.Ra1 Rxa1 39.Rxa1 Rf2  0-1

[Event "TCh-FIN 2002-3"]
[Site "Finland FIN"]
[Date "2002.11.16"]
[Round "4"]
[White "Hokkanen,P"]
[Black "Haapasalo,JP"]
[Result "1/2-1/2"]
[WhiteElo "2248"]
[BlackElo "2148"]

1.e4 c5 2.Nf3 e6 3.Nc3 a6 4.d4 cxd4 5.Nxd4 Nc6 6.Nxc6 bxc6 7.Bd3 d5 8.O-O Nf6
9.e5 Nd7 10.Re1 c5 11.Na4 c4 12.Bf1 Nc5 13.Nc3 Rb8 14.b3 Qa5 15.Bd2 d4 16.Ne4 c3
17.Bf4 Nxe4 18.Rxe4 Bc5 19.Qg4 Kf8 20.Bg3 h5 21.Qf4 Bb7 22.Ree1 Qd8 23.Bh4 Qd5
24.Qg3 Rg8 25.Bd3 g5 26.Bxg5 Qxg2+ 27.Qxg2 Bxg2 28.f4 Bh3 29.Kf2 Be7 30.Rg1 Bxg5
31.fxg5 Bf5 32.Bxf5 exf5 33.Kf3 Ke7 34.Rad1 Rbd8 35.Rd3 Rd5 36.Kf4 Ke6 37.Re1 Rgd8
38.h4 a5 39.a4 Rb8 40.Re2 Rc8 41.Re1 Rb8 42.Re2 Rc8 43.Rg2 Rg8 44.Re2  1/2-1/2

[Event "WYg16"]
[Site "Heraklio GRE"]
[Date "2002.11.16"]
[Round "2"]
[White "Mijovic,A"]
[Black "Burtasova,A"]
[Result "1-0"]
[WhiteElo "2104"]
[BlackElo "2159"]

1.e4 c5 2.Nf3 e6 3.d4 cxd4 4.Nxd4 a6 5.Nc3 b5 6.a3 Bb7 7.Be2 Qc7 8.O-O Nf6
9.Qd3 Nc6 10.Nxc6 Bxc6 11.f4 d5 12.Bf3 dxe4 13.Nxe4 Nd5 14.f5 e5 15.Nc3 Bc5+
16.Kh1 Nf6 17.Be3 Rd8 18.Bxc6+ Qxc6 19.Qe2 O-O 20.Bg5 Bd4 21.Bxf6 Qxf6 22.Ne4 Qh6
23.c3 Bb6 24.f6 g6 25.Rf3 Qh5 26.Raf1 Rd7 27.a4 Qg4 28.axb5 axb5 29.Qxb5 Rfd8
30.Qxb6 Qxe4 31.Re3 Qc4 32.Ree1 Rd2 33.Qe3 Qg4 34.Rf2 Rd1 35.h3 Qh4 36.Re2 Qxf6
37.Qxe5 Rxe1+ 38.Rxe1 Qf2 39.Qe2 Qf4 40.b4 h5 41.Qe3 Qc4 42.Qe5 Rd3 43.Re3 Rd1+
44.Kh2 Qf1 45.Qe8+ Kh7 46.Rf3 Qg1+ 47.Kg3 f5 48.Qe7+ Kg8 49.Qe3 f4+ 50.Qxf4 Qe1+
51.Rf2 Qxc3+ 52.Kh2 Rd7 53.Qf8+ Kh7 54.Rf7+ Rxf7 55.Qxf7+ Kh6 56.Qf8+ Kh7
57.Qc5 Qd2 58.Qc7+ Kh6 59.b5 g5 60.b6 g4 61.hxg4 hxg4 62.b7 Kg6 63.b8=Q Qh6+
64.Kg1 Qe3+ 65.Kf1  1-0

[Event "WYb14"]
[Site "Heraklio GRE"]
[Date "2002.11.16"]
[Round "2"]
[White "Ramirez,Al"]
[Black "Nazarov,V"]
[Result "1-0"]
[WhiteElo "2421"]
[BlackElo "2196"]

1.e4 c5 2.Nf3 e6 3.d4 cxd4 4.Nxd4 a6 5.Nc3 Qc7 6.Be2 Nf6 7.O-O Bb4 8.Qd3 Bxc3
9.bxc3 d5 10.exd5 Nxd5 11.c4 Nf4 12.Bxf4 Qxf4 13.Bf3 O-O 14.Rab1 Nd7 15.Qc3 Qc7
16.Rfd1 Ne5 17.Be2 b5 18.Qg3 bxc4 19.Bxc4 Qxc4 20.Qxe5 Qxa2 21.Qc7 f6 22.Nb3 Qa3
23.Nc5 e5 24.Nd7 Qe7 25.Qc4+ Rf7 26.Nb8 Qc7 27.Qe4 Ra7 28.Qa4 Bf5 29.Qa2 Ra8
30.Rb7  1-0